00466nam a2200157 a 450000100060000000300090000600800410001502000150005604000280007108200160009910000280011524500780014326000330022130000100025465000440026415414CO-ViMGA141112s2004 ck r 000 u spa d a9580204799 aCO-ViMGAbspacCO-ViMGA04a860.4 G874a1 aOrdoñez Nates, Edgar 10aAnálisis Literario de La vida es sueño : bPedro Calderon de la Barca aBogotá, cVoluntad, c1991 a95.p.14aLA VIDA ES SUEÑO - ANALISIS LITERARIO